000 00831nam a2200181 u 4500
001 000023208
005 20200930022047.0
008 101130s1974 wau r 000 0 spa d
040 _aDO-SdBNP
_bspa
_cBNPHU
082 _aXXX
_bS446e
110 1 _aSecretaría General
_bOrganización de los Estados Americanos
_cWashington, D.C. 20006
_fMarzo 1974.
_947779
245 1 0 _aEstudio sobre la legislación turística de Panamá /
_cOrganización de los Estados Americanos.
260 _aWashington, D.C. :
_bDivisión de Fomento Turístico ;
_bDepartamento de Desarrollo Social y Institucional ;
_bSecretaría Ejecutiva para Asuntos Económicos y Sociales ;
_bOrganización de los Estados Americanos,
_c1974.
300 _a81 p. ;
_c28 cm.
490 1 _aInformes y estudios
_v10
830 0 _aInformes y estudios ;
_v10
_947780
049 _aBNGR
999 _c22705
_d22705